| 000 | 00963cam a22002895a 4500 | ||
|---|---|---|---|
| 003 | EG-ScBUE | ||
| 005 | 20220410114911.0 | ||
| 008 | 090607s2007 enka f b 001 0 eng d | ||
| 020 | _a9780340912379 | ||
| 020 | _a0340912375 | ||
| 040 |
_aEG-ScBUE _beng _erda _cEG-ScBUE _dEG-ScBUE |
||
| 082 | 0 | 4 |
_a401.41 _bBLO _222 |
| 100 | 1 |
_aBloor, Meriel, _d1934- _eauthor. |
|
| 245 | 1 | 4 |
_aThe practice of critical discourse analysis : _ban introduction / _cMeriel Bloor, Thomas Bloor. |
| 264 | 1 |
_aLondon : _bHodder Education, _c2007. |
|
| 300 |
_av, 207 pages ; _c23 cm |
||
| 336 |
_2rdacontent _atext _btxt |
||
| 337 |
_2rdamedia _aunmediated _bn |
||
| 338 |
_2rdacarrier _avolume _bnc |
||
| 504 | _aIncludes bibliographical references and index. | ||
| 650 | 7 |
_aCritical discourse analysis. _2BUEsh _95865 |
|
| 651 | _2BUEsh | ||
| 653 |
_bHHUUEENN _cSeptember2018 |
||
| 655 |
_vReading book _934232 |
||
| 700 | 1 |
_t _aBloor, Thomas, _d1935- _eauthor. |
|
| 942 |
_2ddc _cBB |
||
| 999 |
_c11754 _d11754 |
||